00000000cam 2200000zi 4500
0019.955961
003CaOODSP
00520251209114744
006m     o  d f      
007cr mn|||||||||
008251003e202511##oncab   ob   f000 0 fre d
020 |a9780660791951
040 |aCaOODSP|bfre|erda|cCaOODSP
043 |an-cn-bc|apn-----
045 |ax6y1
0861 |aFs70-5/2025-069F-PDF
1001 |aTucker, Strahan, |eauteur.
24510|aÉvaluation des stocks de phoque commun du Pacifique (Phoca vitulina richardsi) au Canada en 2019 / |cStrahan Tucker, Sheena Majewski, Chad Nordstrom, M. Kurtis Trzcinski, Thomas Doniol-Valcroze.
264 1|aOttawa (Ontario) : |bSecrétariat canadien de consultation scientifique (SCCS), |cnovembre 2025.
264 4|c©2025
300 |a1 ressource en ligne (v, 92 pages) : |billustrations (principalement en couleur), cartes en couleur.
336 |atexte|btxt|2rdacontent/fre
337 |ainformatique|bc|2rdamedia/fre
338 |aressource en ligne|bcr|2rdacarrier/fre
4901 |aDocument de recherche, |x2292-4272 ; |v2025/069
500 |aPublié aussi en anglais sous le titre : Stock assessment of Pacific harbour seals (Phoca vitulina richardii) in Canada in 2019.
504 |aComprend des références bibliographiques.
5203 |a« Des relevés aériens standardisés ont été effectués entre 2015 et 2019 pour évaluer l'abondance des phoques communs en Colombie-Britannique. Environ 90 % de l'ensemble de la côte ont été observés à l'aide d'aéronefs à voilure fixe pour dénombrer les phoques présents dans les échoueries pendant certaines périodes de marée basse. Il a fallu cinq ans pour effectuer des relevés dans toutes les régions de la Colombie-Britannique, et la présente évaluation représente donc une compilation de ces relevés. Trente-deux émetteurs satellites ont été attachés sur des phoques adultes et juvéniles entre 2019 et 2021 pour estimer la proportion d'individus se trouvant sur un site d'échouerie et pour calculer un facteur de correction permettant de prendre en compte les individus en mer et non présents au moment des relevés. On estime que 78,5 % des phoques se trouvaient hors de l'eau durant les périodes de relevés. Il s'agit d'un changement substantiel par rapport au dernier calcul effectué au début des années 1990, selon lequel 62 % des phoques étaient hors de l'eau. Après avoir appliqué le facteur de correction le plus récent, rajusté les estimations en fonction de la couverture des relevés et additionné les estimations de l'abondance régionale pendant l'année de chaque relevé, nous avons estimé que 84 500 phoques communs (IC à 95 % de 81 160 à 87 970) étaient présents en Colombie-Britannique dans les années 2015 à 2019. La projection de toutes les tendances régionales jusqu'en 2019 a donné une estimation totale de 86 000 phoques communs (IC à 95 %, de 74 750 à 98 990) dans les eaux de la Colombie-Britannique. Le prélèvement biologique potentiel (PBP) a été estimé à 4 895 phoques en 2019. Bien que des allocations régionales du PBP aient été estimées, elles ont été jugées problématiques, car elles pouvaient entraîner des épuisements locaux. La correction des relevés antérieurs visant à prendre en compte les zones non couvertes a donné lieu à une estimation mise à jour pour 2003 à 2008 de 112 400 phoques (IC à 95 % de 108 000 à 117 000), ce qui est semblable à l'estimation initiale de 105 000 phoques (IC à 95 % de 90 900 à 118 900). Compte tenu de l'incertitude entourant les estimations régionales, le stock en 2015-2019 est considéré comme étant stable, ou comme ayant légèrement diminué par rapport à l'évaluation de 2003-2008. L'abondance, la densité et les tendances variaient d'une région à l'autre » -- Résumé, page v.
650 6|aPhoque veau-marin|zColombie-Britannique|zPacifique, Côte du.
650 6|aPhoques|xPopulations|xEstimation|zColombie-Britannique|zPacifique, Côte du.
7102 |aSecrétariat canadien de consultation scientifique, |eorganisme de publication.
7101 |aCanada. |bMinistère des pêches et des océans. |bRégion de la capitale nationale, |eorganisme de publication.
77508|tStock assessment of Pacific harbour seals (Phoca vitulina richardii) in Canada in 2019 / |w(CaOODSP)9.955960
830#0|aDocument de recherche (Secrétariat canadien de consultation scientifique)|v2025/069.|w(CaOODSP)9.503788
85640|qPDF|s4.40 Mo|uhttps://publications.gc.ca/collections/collection_2025/mpo-dfo/fs70-5/Fs70-5-2025-069-fra.pdf